[Event "6th Karoun Masters Cup 2019"]
[Site "Ahvaz"]
[Date "2019.02.25"]
[Round "7.5"]
[White "Khademi, Mohammad Miran"]
[Black "Abbasifar, Hasan"]
[Result "1-0"]
[WhiteElo "2298"]
[BlackElo "2401"]
[Annotator "TA"]
[PlyCount "77"]
[EventDate "2019.02.21"]
[EventType "swiss"]
[EventRounds "9"]
[EventCountry "IRI"]
[SourceTitle "playchess.com"]
[Source "ChessBase"]
[SourceQuality "1"]

{[%evp 9,77,0,5,-18,-4,-14,-19,-11,-6,-20,-13,-4,0,0,9,-32,-35,-22,-10,-67,-66,-48,-30,-38,-12,-39,-13,-41,0,0,10,0,7,-38,119,100,255,259,260,233,229,251,413,145,213,258,591,610,556,609,609,585,571,513,1646,1584,5569,4015,2962,2947,29988,29989,29989,3346,29987,29988,29992,29993,29998,29999]} 1. e4 e5 2. Nc3 Nf6 3. g3 Bc5 4. Bg2 d6 5. Nge2 a6 6. d3 {C26: Vienna Game: 2...Nf6, sidelines} Nc6 7. a3 (7. h3 Be6 8. f4 h6 9. f5 Bd7 10. b3 Nd4 11. Bb2 Bc6 12. Nxd4 Bxd4 13. Qe2 b5 14. Nd1 {1-0 (60) Nakamura,H (2774)-Topalov,V (2749) Saint Louis 2017}) 7... O-O 8. h3 $146 {The position is equal.} ({Predecessor:} 8. Bg5 Bxf2+ 9. Kd2 h6 10. Rf1 hxg5 11. Rxf2 Ng4 12. Rf1 Nd4 13. Nxd4 exd4 {0-1 (36) Pontoni,M-Rummel,J CServe email 1993}) 8... Be6 9. g4 Nd7 10. Ng3 Nd4 11. Nd5 {[%cal Bc3d5,Bd5e3,Be3f5][%mdl 32]} Ba7 12. h4 c6 13. Ne3 $1 Nc5 14. b4 (14. Bd2 $11) 14... Na4 $1 $15 15. Bd2 b5 16. Rb1 c5 17. c3 Nc6 18. Nef5 cxb4 ({Black should play} 18... c4 $15) 19. axb4 $11 Rc8 20. g5 Ne7 21. Qf3 Bxf5 $2 (21... Nxc3 $15 {keeps the upper hand.} 22. Bxc3 Nxf5 23. exf5 Rxc3) 22. exf5 $16 {And now f6 would win.} Nxc3 $2 (22... e4 $16 {was called for.} 23. dxe4 Nc6) 23. Rc1 $1 $18 Bd4 24. f6 Ned5 25. Nf5 $1 g6 $2 {[#]} (25... gxf6 $6 26. gxf6 Qxf6 27. Bh6 $16) (25... Re8 {was worth a try.} 26. fxg7 Nxb4) 26. Nh6+ (26. Rxc3 $142 $1 {[%mdl 512]} Bxc3 (26... Rxc3 27. Nh6+) 27. Nh6+ Kh8 28. Qxd5 Bxd2+ 29. Kxd2) 26... Kh8 27. h5 {Strongly threatening Nxf7+!} Nf4 $2 ({Avoid the trap} 27... Nxb4 $2 {[#]} 28. Nxf7+ $1 {[%mdl 512]} Rxf7 29. hxg6 $18) (27... Qe8 28. Rxc3 e4 29. Rxc8 exf3+ 30. Rxe8 Rxe8+ 31. Kf1 Re2 32. Nxf7+ Kg8 33. Bxf3 {[%mdl 64] Double Attack} (33. Nh6+ Kf8 $14) 33... Rxf2+ 34. Ke1 Rxf3 35. hxg6 (35. Nxd6 gxh5 36. Rxh5 Nf4 $16) 35... hxg6) 28. Bxf4 exf4 {[#]} 29. Nxf7+ $1 {[%mdl 512]} Rxf7 30. hxg6 Rfc7 {...Qe8+ is the strong threat.} 31. g7+ Kg8 (31... Rxg7 $142 32. fxg7+ Bxg7) 32. Qh3 ({Less strong is} 32. Qh5 Qe8+ 33. Kf1 Qxh5 $18) 32... Kf7 33. Qh5+ Ke6 34. Bh3+ {[%mdl 64] Skewer} Kd5 35. Qf3+ Ke5 36. Kf1 (36. O-O $142 Rc4 37. Rce1+ Be3 38. dxc4 Kd4 39. Bxc8 Qxc8 40. f7 h5 41. f8=Q Qxf8 42. gxf8=Q) 36... d5 37. Re1+ {White mates.} Be3 38. Rxe3+ {[%mdl 64] Deflection} fxe3 39. Qg3+ {Accuracy: White = 49%, Black = 20%.} 1-0

[Event "6th Karoun Masters Cup 2019"]
[Site "Ahvaz"]
[Date "2019.02.25"]
[Round "7.6"]
[White "Gholami Orimi, Mahdi"]
[Black "Dilanyan, Grigor"]
[Result "0-1"]
[WhiteElo "2375"]
[BlackElo "2241"]
[Annotator "TA"]
[PlyCount "60"]
[EventDate "2019.02.21"]
[EventType "swiss"]
[EventRounds "9"]
[EventCountry "IRI"]
[SourceTitle "playchess.com"]
[Source "ChessBase"]
[SourceQuality "1"]

{[%evp 10,60,0,0,0,0,0,0,0,0,0,0,41,52,45,13,22,14,35,32,26,28,41,0,0,-7,0,0,7,11,22,-16,-10,-153,-162,-247,-242,-229,-219,-363,-353,-355,-341,-389,-361,-567,-562,-5385,-5302,-29990,-29984,-29996,-29997]} 1. d4 Nf6 2. c4 e6 3. Nc3 Bb4 4. Qc2 O-O 5. e4 d6 6. e5 dxe5 {E32: Nimzo-Indian: Classical (4 Qc2): 4...0-0} 7. dxe5 Ng4 (7... Nfd7 8. Nf3 Nc6 9. Ng5 g6 10. f4 Nc5 11. Be3 f6 12. exf6 Qxf6 13. O-O-O Bxc3 14. Qxc3 Qxc3+ 15. bxc3 {1-0 (25) Vallejo Pons,F (2695)-Predke,A (2622) St Petersburg 2018}) 8. Nf3 Nc6 {The position is equal.} 9. Bf4 Nd4 10. Qd2 f6 11. O-O-O {h3 is the strong threat.} c5 12. Bd3 Bd7 13. h3 $146 ({Predecessor:} 13. exf6 Qxf6 14. Bg5 Qf7 15. Bb1 Bc6 16. h3 Bxc3 17. bxc3 Nxf3 18. hxg4 Nxd2 {½-½ (18) Gholami Orimi,M (2375)-Ghaem Maghami,E (2540) Teheran 2019}) 13... Nxe5 14. Nxe5 fxe5 15. Bxe5 Qh4 16. Kb1 Ba4 $36 {[%mdl 2048] Black has good play.} ({Don't blunder} 16... Qxf2 $2 17. Qg5 $18) 17. Rc1 Bc6 18. f3 Rad8 19. Rhd1 Qh5 20. Qe3 Nxf3 21. Bf4 (21. Bc7 $11 Rd7 22. Qxe6+ Kh8 23. Nd5 (23. gxf3 Bxc3 24. Rxc3 Rxc7 $15) 23... Nd2+ 24. Ka1) 21... Bxc3 $17 22. Rxc3 {[#]} (22. bxc3 {is a better defense.} e5 23. Bg3) 22... e5 $1 $19 23. Bg3 {[#]} e4 $1 {[%mdl 512]} 24. Be2 (24. gxf3 $142 Rxf3 25. Be2 Rxd1+ 26. Bxd1) (24. Bxe4 Rxd1+) 24... Rxd1+ 25. Bxd1 Qg6 26. Bc7 Qxg2 {aiming for ...Nd4.} 27. Qxc5 (27. Rc1 $142 b6 28. b4) 27... Qd2 28. Bb3 Nd4 {( -> ...Rf1+)} 29. Rc1 e3 30. Rg1 Qd3+ {[%mdl 64] Double Attack. Accuracy: White = 24%, Black = 67%.} 0-1

[Event "6th Karoun Masters Cup 2019"]
[Site "Ahvaz"]
[Date "2019.02.26"]
[Round "8.1"]
[White "Bernadskiy, Vitaliy"]
[Black "Lorparizangeneh, Shahin"]
[Result "1-0"]
[WhiteElo "2570"]
[BlackElo "2493"]
[Annotator "TA"]
[PlyCount "151"]
[EventDate "2019.02.21"]
[EventType "swiss"]
[EventRounds "9"]
[EventCountry "IRI"]
[SourceTitle "playchess.com"]
[Source "ChessBase"]
[SourceQuality "1"]

{[%evp 17,151,0,4,0,2,0,0,5,8,14,16,5,40,27,31,38,70,41,76,76,93,75,79,76,85,47,103,100,100,100,110,108,116,115,135,133,131,133,128,142,139,130,135,131,147,139,139,140,168,168,181,186,186,177,179,178,182,179,191,166,191,191,191,181,244,227,234,233,313,154,154,154,164,154,154,154,298,294,300,298,284,254,2200,1804,5417,3468,2617,1877,5181,5024,7270,5641,29954,29957,29953,29955,29961,29962,29941,12068,29966,29968,29968,29969,29969,29970,29969,29971,29972,29972,29972,29973,29973,29975,29975,29975,29975,29976,29976,29977,29977,29978,29978,29979,29979,29980,29980,29981,29982,29980,29979,29980,29980,29981,29981,29982]} 1. e4 e5 2. Nf3 Nf6 3. Nc3 Nc6 4. d4 exd4 5. Nxd4 Bb4 6. Nxc6 bxc6 7. Bd3 d5 8. exd5 O-O 9. O-O cxd5 10. h3 {C47: Scotch Four Knights and Four Knights with 4 g3} c6 11. Qf3 Rb8 (11... Bd6 12. Bf4 Be6 13. b3 c5 14. Rad1 Bxf4 15. Qxf4 Qa5 16. Qd2 c4 17. Be2 Rac8 18. bxc4 dxc4 {0-1 (28) Morozevich,A (2656)-Mamedyarov,S (2817) St Petersburg 2018}) 12. Bf4 {The position is equal.} Bd6 13. b3 Rb4 14. Ne2 Qc7 {[%cal Rd6f4]} 15. Bxd6 Qxd6 {[#]} 16. c4 $146 ({Predecessor:} 16. Rad1 c5 17. c4 Bb7 {1-0 (39) Zelcic,R (2518)-Matanovic,L (2183) Sibenik 2016}) 16... Nd7 17. Rad1 Ne5 18. Qg3 Qf6 19. cxd5 cxd5 20. Rfe1 $36 {[%mdl 2048] White is on the roll.} Bb7 21. Nd4 {[%cal Be2d4,Bd4f5,Bf5e3][%mdl 32]} Nc6 ({Black should try} 21... Ng6 $14 22. Bxg6 Rxd4 23. Rxd4 Qxd4) 22. Nf5 Bc8 23. Ne3 Ne7 24. Be2 Be6 25. Bf3 $1 Rd4 26. Rxd4 Qxd4 27. Qc7 Re8 28. Rd1 Qb6 29. Qxb6 axb6 30. Bxd5 Nxd5 31. Nxd5 Bxd5 32. Rxd5 $16 {[%mdl 4096] Endgame KR-KR} Re1+ 33. Kh2 {White wants to mate with Rd8+.} Kf8 34. Rd8+ Ke7 35. Rb8 Re6 36. Rb7+ Kf6 37. f4 h5 38. a4 h4 39. b4 Rc6 40. Kg1 Ke6 (40... Kg6 $142 41. Kf2 f6) 41. Kf2 $18 g6 42. Ke3 Rd6 43. a5 (43. Ra7 $18 {has better winning chances.}) 43... bxa5 $16 44. bxa5 {Hoping for Rb6.} Rd1 45. a6 {aiming for a7.} Ra1 46. a7 f6 (46... Ra4 $16 47. Kd2 f5) 47. Kd4 $18 Kf5 48. Rf7 Ke6 49. Rh7 Kf5 $2 (49... Kd6 50. Kc4 Kc6) 50. Kc5 Kxf4 51. Rxh4+ Kg3 52. Rg4+ {[%mdl 64] Double Attack} Kh2 53. Rxg6 Rxa7 54. Kd6 f5 55. Ke5 Ra5+ 56. Kf4 $1 Rb5 57. h4 Rb4+ 58. Kxf5 Rxh4 59. g4 {White mates.} Kg3 60. Rg8 Rh1 61. g5 Rf1+ {[#]} 62. Kg6 $1 Ra1 63. Kh6 Kg4 64. g6 Kf5 65. Rf8+ Ke6 66. g7 Rh1+ 67. Kg6 Rg1+ 68. Kh7 Rh1+ {[#]} 69. Kg8 $1 Ke7 70. Rf2 Rh3 71. Re2+ Kd6 72. Re4 Kd5 73. Rf4 Ke5 74. Rf1 Ra3 75. Kh7 Rh3+ 76. Kg6 {Accuracy: White = 87%, Black = 43%.} 1-0

[Event "6th Karoun Masters Cup 2019"]
[Site "Ahvaz"]
[Date "2019.02.26"]
[Round "8.2"]
[White "Kreisl, Robert"]
[Black "Danielyan, Vahe"]
[Result "1/2-1/2"]
[WhiteElo "2424"]
[BlackElo "2186"]
[Annotator "TA"]
[PlyCount "97"]
[EventDate "2019.02.21"]
[EventType "swiss"]
[EventRounds "9"]
[EventCountry "IRI"]
[SourceTitle "playchess.com"]
[Source "ChessBase"]
[SourceQuality "1"]

{[%evp 12,97,0,-30,25,25,29,30,37,37,37,28,41,39,36,31,22,27,37,25,30,-8,-7,-12,12,-46,0,-48,0,-95,-97,-115,-115,-114,-52,-57,-53,-122,21,-43,-52,-49,-48,-40,-17,-24,-26,-76,-34,-57,0,0,0,0,0,0,0,0,2,-12,0,0,63,66,68,0,0,0,95,52,53,44,63,63,108,82,93,0,8,0,0,0,0,0,0,0,0,0]} 1. e4 e5 2. Nc3 Nc6 3. Bc4 Nf6 4. d3 Bc5 5. f4 d6 6. Nf3 a6 7. Nd5 {LiveBook: 23 Games} Bg4 {C30: King's Gambit Declined} (7... exf4 $142 8. Bxf4 Nxd5 9. exd5 Ne5 $1 {[%mdl 512]}) (7... Nxd5 8. Bxd5 exf4 9. d4 Bb6 10. Bxf4 Be6 11. O-O O-O 12. Kh1 h6 13. Qd2 Bxd5 14. exd5 Ne7 15. Bxh6 Nxd5 {½-½ (25) Wei,Y (2634)-Vallejo Pons,F (2698) Leon 2014}) 8. c3 $1 $11 Ba7 9. h3 Bd7 $146 {White has an edge.} ({Predecessor:} 9... Bxf3 10. Qxf3 O-O 11. f5 h6 12. Nxf6+ Qxf6 13. h4 Ne7 14. g4 d5 15. g5 {1-0 (28) Lim,Y (2348)-Ramu,K (2259) Hyderabad 2005}) 10. fxe5 Nxd5 11. Bxd5 Nxe5 12. d4 c6 13. Bb3 Nxf3+ $1 14. Qxf3 {[%csl Gb3][%cal Rf3f7]} Qh4+ 15. g3 Qe7 16. O-O {[%cal Rf3f7]} O-O-O 17. Kg2 Rhf8 18. Bc2 (18. Bd2 $11) 18... f6 19. a4 g5 20. b4 (20. Qh5 $11 {remains equal.}) 20... h5 $1 $17 21. Qd3 Qe6 22. Rf5 {[#]} d5 (22... Qg8 $1 $17 23. Rf2 d5) 23. exd5 $1 $15 cxd5 (23... Qxf5 $6 24. Qxf5 Bxf5 25. Bxf5+ Kc7 26. dxc6 $11) 24. Qf1 (24. Qf3 $15) 24... Qc6 {[#]} (24... Bb8 $17 25. Kh1 Bxg3 26. Bxg5 fxg5 27. Rxf8 Rxf8 28. Qxf8+ Kc7) 25. Bd2 ({Better is} 25. Bxg5 $1 $11 {[%mdl 512]} Bxf5 (25... fxg5 26. Rxf8) 26. Bxf5+ (26. Qxf5+ Kb8 $11) 26... Kb8 27. Bd2) 25... Bxf5 26. Bxf5+ Kb8 27. b5 axb5 28. axb5 Qd6 29. Bc1 Rfe8 30. Bg6 Rg8 (30... Rh8 $15) 31. Bxh5 $11 Bb6 32. Ba3 Qc7 $1 {[%cal Rc7c3]} 33. Bb4 Qh7 $1 {[%cal Rh7h5]} 34. Qxf6 Bc7 35. Qf3 Rh8 36. Bg4 Rhe8 (36... Qc2+ $11 37. Kg1 Rhe8) 37. Bf5 $36 {[%mdl 2048] White has good play.} Qh6 $1 {aiming for ...g4!} 38. Bg4 (38. Qf2 $1 $14) 38... Qg6 39. Bf5 g4 (39... Qh6 $1 $11) 40. Bxg4 ({Of course not} 40. Bxg6 $6 gxf3+ 41. Kxf3 Rg8 $11) ({Stronger than} 40. Qxg4 Qh6 $11) 40... Qh6 $1 {White must now prevent ...Re3.} 41. b6 Qxb6 42. Qf2 $1 Qh6 {...Re3 is the strong threat.} 43. Qa2 {[%csl Ga1][%cal Ra2a8]} Bb6 44. Rb1 ({White should try} 44. Ba3 $16 Qg6 45. Bc1) 44... Re4 {The position is equal.} 45. Qb2 ({Much less strong is} 45. Ra1 $6 Rxg4 46. hxg4 Qe6 $16) 45... Rxg4 46. hxg4 {And now Be7 would win.} Rh8 {[#]} 47. Bd6+ $1 {[%mdl 512]} Qxd6 48. Qxb6 {[%csl Gb1][%cal Rb6b7]} Qe7 {( -> ...Qe4+)} 49. Rf1 {Precision: White = 44%, Black = 50%.} 1/2-1/2

[Event "6th Karoun Masters Cup 2019"]
[Site "Ahvaz"]
[Date "2019.02.26"]
[Round "8.3"]
[White "Dilanyan, Grigor"]
[Black "Grigoryan, Karen H."]
[Result "0-1"]
[WhiteElo "2241"]
[BlackElo "2590"]
[Annotator "TA"]
[PlyCount "132"]
[EventDate "2019.02.21"]
[EventType "swiss"]
[EventRounds "9"]
[EventCountry "IRI"]
[SourceTitle "playchess.com"]
[Source "ChessBase"]
[SourceQuality "1"]

{[%evp 11,132,0,0,2,-2,-35,21,26,18,29,25,21,229,220,175,90,78,63,96,66,64,0,-20,-136,0,0,26,16,10,14,50,-117,-104,-85,-98,-328,-316,-336,-336,-300,-267,-254,-257,-248,-181,-181,-176,-208,-204,-210,-212,-187,-195,-178,-175,-209,-180,-148,-152,-241,-221,-227,-218,-200,-200,-200,-199,-195,-195,-191,-184,-197,-195,-176,-185,-177,-179,-285,-193,-218,-166,-218,-221,-187,-120,-120,-68,-68,-8,-8,-8,-843,-809,-12849,-8,-163,-163,-12842,-12839,-12850,-2263,-2175,-12850,-12849,-29939,-12848,-29939,-12845,-12849,-29951,-29951,-29952,-29951,-29957,-29961,-29965,-29966,-29968,-29973,-29976,-29977,-29980,-29981]} 1. Nf3 g6 2. g3 Bg7 3. Bg2 e5 4. O-O d5 5. c4 c6 6. d3 Ne7 7. e4 {A07: Réti Opening: New York and Capablanca Systems} (7. Nc3 O-O 8. Qc2 d4 9. Ne4 f5 10. Ned2 c5 11. b4 Nbc6 12. bxc5 e4 13. Ng5 h6 14. Ngxe4 fxe4 15. Nxe4 {0-1 (27) Petrosian,T (2598)-Cheparinov,I (2709) St Petersburg 2018}) 7... d4 8. Nh4 Be6 $146 (8... c5 $15) ({Predecessor:} 8... O-O 9. f4 exf4 10. Bxf4 Nd7 11. Nd2 Ne5 12. Ndf3 f6 13. Bxe5 fxe5 14. c5 Bf6 {1-0 (60) Gomes,M (2302)-Manin,V (2100) St Petersburg 2018}) 9. f4 $11 {The position is equal.} f6 10. fxe5 fxe5 11. Bg5 c5 $2 (11... Qc7 $11) 12. Nf5 $1 $18 {[%cal Rf5g7]} Bf8 13. Bf6 (13. Bxe7 $18 Bxe7 14. Ng7+ {[%mdl 64] Double Attack} Kd7 15. Nxe6 Kxe6 16. Qb3) 13... Rg8 $16 14. Bxe5 Nec6 15. Bf6 Qb6 ({Avoid the trap} 15... Qxf6 $2 16. Nd6+ $1 {[%mdl 512]} Ke7 17. Rxf6 $18) 16. Qe2 (16. Nd2 $14) 16... Nd7 $11 17. Bh4 (17. Nh4 $11) 17... Nde5 (17... Nce5 $17 18. g4 gxf5 19. exf5 Bf7) 18. Bf6 Kd7 19. Nd2 Re8 20. Nh4 Bh6 21. Ndf3 $2 (21. Bxe5 $14 {keeps the upper hand.} Nxe5 22. Nhf3) 21... Be3+ $17 22. Kh1 Ng4 23. Ng5 $2 (23. Bg5 $17) 23... Nxf6 $19 24. Nxe6 Kxe6 ({Weaker is} 24... Rxe6 25. Bh3 $17) 25. Bh3+ Ke7 26. Ng2 Ne5 27. Nxe3 dxe3 28. Qxe3 Rd8 29. b4 cxb4 {[%mdl 64] Discovered Attack} 30. c5 Qc6 31. d4 Qxe4+ 32. Qxe4 Nxe4 33. dxe5 Nxc5 34. Rac1 Rd5 $1 35. e6 (35. Rc4 $17) 35... Rf8 36. Rxf8 Kxf8 {[%mdl 4096] Endgame KRB-KRN} 37. Rf1+ Ke8 38. Rf7 Rd1+ 39. Kg2 Rd2+ 40. Kf3 Rxh2 ({Much less strong is} 40... Rxa2 41. Rxh7 Ra1 42. Ke2 $17) 41. Bf1 {Hoping for Bb5+.} Nxe6 42. Rxb7 Rxa2 43. Bc4 Ra3+ 44. Kg4 (44. Kg2 $142 Nd4 45. Rxb4) 44... Nd4 45. Rxb4 Nf5 46. Kg5 (46. Kf4 $142) 46... Rxg3+ 47. Kf6 Kd8 ({Black should try} 47... Rf3 $19 {...a5 is the strong threat.} 48. Bd5 Rf2) 48. Bg8 $17 Rc3 (48... Rf3 $17 {Strongly threatening ...Nh6+.} 49. Bxh7 Ne7+ 50. Kg7 g5) 49. Bxh7 $15 Ne7 (49... Rc6+ $15 50. Kf7 Nd6+ 51. Kxg6 a5) 50. Rd4+ $11 Kc8 51. Bxg6 $2 {[%mdl 8192]} (51. Kxe7 $11 Rc7+ 52. Kf6 Rxh7 53. Kxg6) 51... Nxg6 $19 52. Kxg6 $11 {KR-KR} Rf3 $2 (52... Rc5 $1 $19 {White must now prevent ...Kc7.} 53. Kf6 a5) 53. Rd1 $2 (53. Kg5 $1 $11 {and White is okay.}) 53... a6 $1 $19 54. Rb1 $2 {[#]} (54. Kg5) 54... Kc7 $1 55. Ra1 Kb6 56. Rb1+ Kc5 57. Ra1 Kb5 58. Rb1+ Ka4 59. Ra1+ {[#]} Ra3 $1 {[%cal Ra3a1]} 60. Rb1 a5 {[%cal Ba6a5,Ba5a4,Ba4a3,Ba3a2][%mdl 32] Black mates.} 61. Kf5 Rb3 62. Rc1 Ka3 63. Ra1+ Kb4 64. Ke4 a4 65. Kd4 a3 66. Rc1 a2 {Accuracy: White = 41%, Black = 60%.} 0-1

[Event "6th Karoun Masters Cup 2019"]
[Site "Ahvaz"]
[Date "2019.02.26"]
[Round "8.4"]
[White "Lomsadze, Davit"]
[Black "Khademi, Mohammad Miran"]
[Result "1/2-1/2"]
[WhiteElo "2286"]
[BlackElo "2298"]
[Annotator "TA"]
[PlyCount "141"]
[EventDate "2019.02.21"]
[EventType "swiss"]
[EventRounds "9"]
[EventCountry "IRI"]
[SourceTitle "playchess.com"]
[Source "ChessBase"]
[SourceQuality "1"]

{[%evp 21,141,0,0,-29,-4,0,-2,-52,-48,-56,-47,-42,-49,-55,-81,-66,-15,-25,-4,-12,-18,-50,0,0,0,0,0,0,27,19,50,22,32,0,26,21,23,19,24,24,36,0,0,0,0,0,0,0,0,0,0,0,0,0,16,14,12,0,0,0,27,26,33,0,0,0,0,-52,-51,-120,-61,-58,-69,-277,-276,-316,-34,-38,0,-8,-8,-8,-8,-8,-8,-8,-8,-8,-8,-8,-8,-8,-8,-19,-8,-8,-8,-8,-8,-8,-8,-8,-8,-8,-8,-8,-8,-8,-8,-8,0,-8,-8,-8,-8,-8,-8,-8,-8,-8,-8,-8]} 1. Nf3 Nf6 2. g3 b6 3. Bg2 Bb7 4. O-O e6 5. d4 Be7 6. c4 O-O 7. Nc3 Ne4 8. Nxe4 Bxe4 9. Ne1 Bxg2 10. Nxg2 d5 11. cxd5 Qxd5 12. Bf4 {E18: Queen's Indian: Old Main Line (4 g3 Bb7 5 Bg2 Be7 6 0-0 0-0 7 Nc3)} (12. Nf4 Qb7 13. Be3 {½-½ (13) Rogozenco,D (2495)-Berkes,F (2661) Sovata 2018}) 12... Qb7 13. Rc1 Na6 14. h4 $146 ({Predecessor:} 14. Qc2 Rfd8 15. Rfd1 Rac8 16. a3 c5 17. dxc5 Rxd1+ 18. Qxd1 Rxc5 19. Be3 Rxc1 20. Qxc1 {½-½ (45) Peterwitz,K (2125)-Kammers,H (2163) Senden 2014}) 14... Rfd8 15. e3 c5 16. Qg4 Qe4 17. Qe2 Nb4 18. a3 Nc6 ({Black should try} 18... Nd3 $15 19. Rc3 Nxf4 20. Nxf4 cxd4 21. exd4 Qxd4) 19. Qc2 Qf3 20. dxc5 bxc5 {White must now prevent ...e5.} 21. Qc4 h6 {[#] ...e5 is the strong threat.} 22. Ne1 $1 {[%cal Re1f3]} Qh5 23. Qe4 $1 {[%cal Re4c6]} Rac8 {Hoping for ...e5.} 24. Nf3 $1 Rd5 25. Kg2 $1 Bf6 26. Rc2 Ne7 27. Kh3 c4 28. g4 Qg6 29. Qxg6 Nxg6 30. Bg3 Rb5 31. Rfc1 Bxb2 32. Rxc4 Rxc4 33. Rxc4 Bxa3 34. Rc8+ Nf8 35. Nd4 Rb7 36. Nc6 f6 37. Bc7 h5 38. gxh5 Kh7 39. Bg3 e5 40. f4 Rb3 41. fxe5 Rxe3 42. Kg4 f5+ 43. Kf4 Bc1 44. Ne7 ({Better is} 44. Nxa7 $11 Bd2 45. Rxf8 Rc3+ 46. Kxf5 Rf3+ 47. Ke4 Rxf8 48. e6) 44... Bd2 $1 $15 45. Bf2 (45. Ra8 $15 Rd3+ 46. Kxf5 Rxg3 47. e6) 45... Rh3+ (45... Ra3+ $17 46. Kxf5 Rf3+ {[%mdl 64] Double Attack} 47. Kg4 Rxf2) 46. Kxf5 Rf3+ {[%mdl 64] [#] Double Attack} 47. Ke4 $2 (47. Kg4 $1 $15 Rxf2 48. e6) 47... Rxf2 $19 48. e6 Rf6 $2 ({Inferior is} 48... Nxe6 49. Ng6 $15) (48... Be1 $19 {aiming for ...Re2+.} 49. Ra8 Re2+ {[%mdl 64] Discovered Attack} 50. Kf5 Rxe6) 49. Kd3 $15 Rf2 50. Ng6 {And now e7 would win.The position is equal.} Bb4 51. e7 Bxe7 $1 52. Nxe7 $11 {[%mdl 4096] Endgame KRN-KRN} Rf7 53. Nc6 Ne6 54. Ke4 a6 55. Ne5 Rf8 56. Rc6 Rf6 57. Ng4 Rf4+ 58. Ke3 Rxg4 59. Rxe6 Rxh4 60. Rxa6 Rxh5 {KR-KR} 61. Kf4 Rh6 62. Ra7 Rg6 63. Ra1 Rg2 64. Kf5 Rh2 65. Kg5 Rg2+ 66. Kf5 g6+ 67. Kf6 Rf2+ 68. Kg5 Rf5+ 69. Kg4 Rb5 70. Rh1+ Kg7 71. Ra1 {Accuracy: White = 44%, Black = 60%.} 1/2-1/2

[Event "6th Karoun Masters Cup 2019"]
[Site "Ahvaz"]
[Date "2019.02.26"]
[Round "8.5"]
[White "Sibashvili, Giorgi"]
[Black "Hamidi, Amir Mohammad"]
[Result "1-0"]
[WhiteElo "2420"]
[BlackElo "2203"]
[Annotator "TA"]
[PlyCount "119"]
[EventDate "2019.02.21"]
[EventType "swiss"]
[EventRounds "9"]
[EventCountry "IRI"]
[SourceTitle "playchess.com"]
[Source "ChessBase"]
[SourceQuality "1"]

{[%evp 17,119,26,20,22,40,0,28,0,7,-13,-8,-7,9,0,0,-2,10,0,0,-9,-10,-9,-3,-11,65,64,215,215,216,130,256,251,247,246,250,234,245,237,254,244,240,250,239,233,226,229,278,289,267,267,260,245,326,302,327,307,379,379,379,379,374,374,374,367,360,354,366,320,465,462,421,411,2261,1935,29968,29970,29966,29971,29971,29972,29971,29972,29975,29958,29960,29961,29963,29964,29964,29965,29957,29950,12790,249,12790,12790,5972,0,5972,5646,5491,5072,4642,4627]} 1. d4 e6 2. c4 Nf6 3. Nf3 d5 4. Nc3 c5 5. e3 cxd4 6. exd4 Be7 7. cxd5 Nxd5 8. Bd3 O-O 9. O-O Nf6 10. Bg5 {D41: Queen's Gambit Declined: Semi-Tarrasch with 5 cxd5} Nbd7 {[%cal Bb8d7,Bd7f8,Bf8g6][%mdl 32]} (10... Bd7 11. Qc2 h6 12. Be3 Bc6 13. Qd2 Re8 14. Ne5 Nbd7 15. Nxc6 bxc6 16. Rac1 Rc8 17. Bb1 Nb6 {½-½ (59) Luther,T (2515)-Kempinski,R (2600) Dresden 2011}) 11. Rc1 b6 $146 ({Predecessor:} 11... a6 12. Bb1 b5 13. Ne5 Bb7 14. Qd3 Nxe5 15. dxe5 Qxd3 16. Bxd3 {1-0 (55) Agoston,A (2043)-Bicskei,M (1924) Senta 2010}) 12. Bb1 {White has an edge.} Bb7 13. Qd3 Re8 14. Rfe1 a6 15. a3 Nf8 16. Ne5 Ng6 17. Qh3 Nd5 18. Nxf7 {[%mdl 64] [#] Remove Defender} Kxf7 19. Qxe6+ Kf8 20. Qf5+ $1 Nf6 ({Better is} 20... Bf6 $11) 21. Ba2 $14 {[%mdl 1024] Qe6 is the strong threat. White has compensation.} Bc8 $2 {[#]} ({Avoid the trap} 21... Qxd4 $2 22. Qe6 $18) ({Black should play} 21... Qd7 $14 22. Re6 Rad8) 22. Qc2 $1 $18 {[%cal Rc2b3]} ({Don't do} 22. Qf3 $6 Bg4 $16) 22... Bb7 23. h4 Qd7 (23... Qxd4 $16 {was worth a try.} 24. Qb3 Bd5 25. Nxd5 Qxd5) 24. Qb3 {[%csl Ga2][%cal Rb3f7]} Nd5 25. Nxd5 Bxd5 26. Qxd5 Qxd5 27. Bxd5 $40 {[%mdl 128] White wants a kill.} Bxg5 28. hxg5 Rxe1+ 29. Rxe1 {[%mdl 4096] Endgame KRB-KRN} Rd8 30. Bf3 Rxd4 31. Re6 a5 32. Rxb6 Ne5 33. Rb5 Nxf3+ 34. gxf3 {KR-KR} Rd2 35. f4 (35. Rxa5 Rxb2 36. f4 h6 $18) 35... Kf7 36. f5 ({But not} 36. Rxa5 Rxb2 37. f5 Rb7 $18) 36... a4 37. Kg2 h6 38. Rb7+ Kf8 39. f6 hxg5 40. fxg7+ Kg8 41. Kg3 Rd4 42. f3 Rc4 (42... Kh7 {was called for.} 43. Rb4 Rd1 44. Rxa4 Kxg7) 43. Rb4 Rc2 44. Rxa4 Rxb2 (44... Kxg7 $142 45. Rb4 Kf6) 45. Ra7 Rb3 46. Kg4 Rb5 47. a4 {[%cal Ba3a4,Ba4a5,Ba5a6][%mdl 32]} Rc5 48. a5 Rb5 49. a6 Ra5 50. f4 gxf4 51. Kxf4 Ra1 52. Ke5 Re1+ 53. Kd5 Rd1+ 54. Kc4 Rc1+ 55. Kb3 $2 (55. Kb4 {Hoping for Re7.} Rb1+ 56. Ka5 Ra1+ 57. Kb6 Rb1+ 58. Kc7) 55... Ra1 $2 (55... Rc6 56. Ka4 Rf6) 56. Kb2 Ra5 57. Kb3 Ra1 $1 58. Ra8+ {White is clearly winning.} Kxg7 59. Kc4 Kf7 60. Kc5 {Accuracy: White = 71%, Black = 36%.} 1-0